000 01468nam a22003974a 4500
003 PE-LiUPU
005 20250731173557.0
007 ta
008 180514s2017 bl g 000 0dpor
020 _a9788534525299
040 _aPE-LiUPU
_bspa
_cPE-LiUPU
_erda
041 1 _apor
_hspa
082 0 4 _223
_a269.2
_bB938t
100 1 _aBullón, Alejandro
_d1947-
240 1 0 _aTodo miembro involucrado.
_lPortuguês.
245 1 0 _aTodos envolvidos na missão :
_bum chamado para servir /
_cAlejandro Bullón ; tradução Delmar Freire. -
260 _aTatuí, SP :
_bCasa Publicadora Brasileira,
_c2017.
300 _a109 páginas ;
_c21 centímetros.
500 _aTraducción de: Todo miembro involucrado.
505 _aTodos envolvidos na missao -- Uma necessidade espiritual -- O discipulado -- Como se forma um discipulo -- O valor de uma igreja receptiva -- O discipulo e a Bíblia -- O discipúlo e a Oracao -- A espera e a missao -- Discipulando lideres espirituais -- O preco do discipulado -- O discípulo e a colheita final.
526 _aSEG42
526 _aSEG41
526 _aSEG40
526 _aSEG39
526 _aP94
526 _aP87
526 _aP86
526 _aP85
526 _aP77
526 _aP76
526 _aP35
650 0 _aEvangelismo
_9953
700 1 _aFreire, Delmar F.
942 _2ddc
_cBK
_n0
999 _c61720
_d61720
980 _618226
_aJaime Vilcazán Jefe de Análisis Documental
_81
_gALBERTO SANCHEZ Responsable de Automatización